[Event "Chigorin Memorial 26th"]
[Site "St Petersburg"]
[Date "2018.11.01"]
[Round "6"]
[White "Mamontova, Anastasia"]
[Black "Tsarkov, Mikhail"]
[Result "1-0"]
[WhiteElo "2009"]
[BlackElo "1650"]
[PlyCount "67"]
[EventDate "2018.10.27"]
[EventType "swiss"]
[EventRounds "9"]
[EventCountry "RUS"]
[SourceTitle "CBM 187 Extra"]
[Source "ChessBase"]
[SourceDate "2018.11.04"]
[SourceVersion "1"]
[SourceVersionDate "2018.11.04"]
[SourceQuality "1"]

1. e4 c6 2. d4 d5 3. e5 Bf5 4. h4 h6 5. g4 Bd7 6. h5 Qb6 7. c3 e6 8. f4 c5 9. Nf3 Nc6 10. Rh2 Rc8 11. Rc2 Be7 12. Be3 cxd4 13. cxd4 Bd8 14. Nbd2 Nge7 15. Kf2 0-0 16. Nb3 Nb4 17. Rxc8 Nxc8 18. Nc5 Bb5 19. Qb3 Bxf1 20. Rxf1 Re8 21. a3 Na6 22. Qxb6 axb6 23. Nxb7 Bc7 24. Rc1 Na7 25. b4 Rb8 26. Nd6 Bxd6 27. exd6 Rd8 28. a4 Nxb4 29. Rc7 Nac6 30. Ne5 Nxe5 31. dxe5 d4 32. Bxd4 Nd5 33. Rb7 Nxf4 34. Bxb6 1-0

[Event "St Petersburg Korchnoi Memorial op"]
[Site "St Petersburg"]
[Date "2018.08.22"]
[Round "8"]
[White "Sirin, Mikhail"]
[Black "Tsarkov, Mikhail"]
[Result "1/2-1/2"]
[WhiteElo "1994"]
[BlackElo "1528"]
[PlyCount "101"]
[EventDate "2018.08.15"]
[EventType "swiss"]
[EventRounds "9"]
[EventCountry "RUS"]
[SourceTitle "CBM 186 Extra"]
[Source "ChessBase"]
[SourceDate "2018.08.24"]
[SourceVersion "1"]
[SourceVersionDate "2018.08.24"]
[SourceQuality "1"]

1. Nf3 d5 2. d4 Nf6 3. c4 c6 4. Nc3 e6 5. g3 Bd6 6. Bg2 Nbd7 7. cxd5 exd5 8. 0-0 0-0 9. Rb1 Re8 10. b4 Nb6 11. Nd2 Bf5 12. Rb2 a6 13. Re1 Qe7 14. Qb3 h6 15. a4 Ne4 16. Ndxe4 dxe4 17. b5 Be6 18. Qd1 Nc4 19. Rb1 Bb4 20. Qb3 a5 21. Qc2 f5 22. Rd1 Bd5 23. bxc6 bxc6 24. Nxd5 cxd5 25. Qa2 Kh8 26. h4 Rac8 27. Bh3 Qf6 28. Bf4 Rcd8 29. Rbc1 g5 30. hxg5 hxg5 31. Bc7 Rd7 32. Be5 Nxe5 33. dxe5 Qxe5 34. e3 Rd6 35. Qe2 Rh6 36. Bg2 Rf8 37. Qb5 Rd6 38. Rc6 Rfd8 39. Rxd6 Qxd6 40. Bf1 f4 41. Bc4 fxg3 42. Rxd5 gxf2+ 43. Kf1 Qf6 44. Rxd8+ Qxd8 45. Qe5+ Kh7 46. Qf5+ Kh6 47. Qe6+ Kg7 48. Qf7+ Kh6 49. Qe6+ Kg7 50. Qf7+ Kh6 51. Qe6+ 1/2-1/2

[Event "St Petersburg Korchnoi Memorial op"]
[Site "St Petersburg"]
[Date "2018.08.20"]
[Round "6"]
[White "Motruk, Oleg"]
[Black "Tsarkov, Mikhail"]
[Result "1-0"]
[WhiteElo "2081"]
[BlackElo "1528"]
[PlyCount "65"]
[EventDate "2018.08.15"]
[EventType "swiss"]
[EventRounds "9"]
[EventCountry "RUS"]
[SourceTitle "CBM 186 Extra"]
[Source "ChessBase"]
[SourceDate "2018.08.24"]
[SourceVersion "1"]
[SourceVersionDate "2018.08.24"]
[SourceQuality "1"]

1. e4 c6 2. d4 d5 3. e5 Bf5 4. h4 h6 5. g4 Bd7 6. h5 e6 7. f4 Qb6 8. Nf3 c5 9. c3 Nc6 10. Rh2 Rc8 11. Be3 cxd4 12. cxd4 Bb4+ 13. Kf2 Be7 14. Kg1 Na5 15. Nc3 Nc4 16. Bxc4 Rxc4 17. Qd3 Bb4 18. f5 Bxc3 19. bxc3 exf5 20. gxf5 Ne7 21. Nh4 Qc7 22. Bd2 Kd8 23. Rg2 Rg8 24. f6 gxf6 25. exf6 Rxg2+ 26. Kxg2 Nc6 27. Qh7 Be6 28. Qxh6 Qb6 29. Re1 Qb2 30. Rxe6 Kd7 31. Re2 Nxd4 32. cxd4 Qxd4 33. Nf3 1-0

[Event "Chigorin Memorial 25th"]
[Site "St Petersburg"]
[Date "2017.10.25"]
[Round "5"]
[White "Alekseev, Mikhail1111"]
[Black "Tsarkov, Mikhail"]
[Result "1-0"]
[WhiteElo "1903"]
[BlackElo "1701"]
[PlyCount "89"]
[EventDate "2017.10.21"]
[EventType "swiss"]
[EventRounds "9"]
[EventCountry "RUS"]
[SourceTitle "CBM 181 Extra"]
[Source "ChessBase"]
[SourceDate "2017.12.12"]
[SourceVersion "1"]
[SourceVersionDate "2017.12.12"]
[SourceQuality "1"]

1. e4 c6 2. d4 d5 3. e5 Bf5 4. Nf3 e6 5. Be2 Ne7 6. 0-0 Bg6 7. c3 Nd7 8. a4 c5 9. dxc5 Nc6 10. b4 Ndxe5 11. Nxe5 Nxe5 12. Bf4 Nc6 13. Na3 Be7 14. Nc2 Bf6 15. Nd4 e5 16. Nxc6 bxc6 17. Bg3 0-0 18. Rc1 e4 19. Bd6 Re8 20. b5 Be5 21. Bxe5 Rxe5 22. bxc6 Qc7 23. Qd4 f6 24. c4 Bf7 25. cxd5 Bxd5 26. Rfd1 Bxc6 27. Qd6 Re7 28. Bc4+ Kh8 29. Bd5 Bxd5 30. Qxd5 Rc8 31. c6 Ree8 32. Rd4 Rcd8 33. Rxe4 Rxe4 34. Qxe4 h6 35. g3 Rc8 36. Rd1 f5 37. Qe6 Rf8 38. Rc1 f4 39. Qd7 Qb6 40. Qe7 Rc8 41. c7 fxg3 42. hxg3 Qa5 43. Qd7 Qa6 44. Rd1 Kg8 45. Qxc8+ 1-0

[Event "Chigorin Memorial 25th"]
[Site "St Petersburg"]
[Date "2017.10.24"]
[Round "4"]
[White "Tsarkov, Mikhail"]
[Black "Pogorelov, Boris"]
[Result "1-0"]
[WhiteElo "1701"]
[BlackElo "1484"]
[PlyCount "83"]
[EventDate "2017.10.21"]
[EventType "swiss"]
[EventRounds "9"]
[EventCountry "RUS"]
[SourceTitle "CBM 181 Extra"]
[Source "ChessBase"]
[SourceDate "2017.12.12"]
[SourceVersion "1"]
[SourceVersionDate "2017.12.12"]
[SourceQuality "1"]

1. d4 d5 2. c4 c6 3. e3 Nf6 4. Nc3 a6 5. Nge2 dxc4 6. Ng3 b5 7. a4 Bb7 8. Be2 e6 9. Bf3 Nbd7 10. Bd2 Qc8 11. 0-0 Be7 12. Qe2 0-0 13. e4 Nb6 14. e5 Nfd5 15. a5 Nxc3 16. bxc3 Nd5 17. Be4 c5 18. dxc5 Qxc5 19. Nh5 Qc7 20. Bc2 g6 21. Nf4 Nxf4 22. Bxf4 Rfd8 23. Bh6 Bf8 24. Bg5 Rd7 25. Bf6 Bg7 26. Qe3 Qc6 27. f3 Rc8 28. Rfd1 Rdc7 29. Rd4 Qc5 30. Rad1 Bxf6 31. exf6 Qf8 32. h4 Bd5 33. h5 Rd8 34. Rg4 Rcd7 35. Qf4 Qc5+ 36. Kh1 Bc6 37. Rxd7 Bxd7 38. hxg6 hxg6 39. Bxg6 e5 40. Bf5+ Kf8 41. Qh6+ Ke8 42. Rg8+ 1-0

[Event "Chigorin Memorial 25th"]
[Site "St Petersburg"]
[Date "2017.10.23"]
[Round "3"]
[White "Mochalin, Faddey"]
[Black "Tsarkov, Mikhail"]
[Result "1-0"]
[WhiteElo "2096"]
[BlackElo "1701"]
[PlyCount "55"]
[EventDate "2017.10.21"]
[EventType "swiss"]
[EventRounds "9"]
[EventCountry "RUS"]
[SourceTitle "CBM 181 Extra"]
[Source "ChessBase"]
[SourceDate "2017.12.12"]
[SourceVersion "1"]
[SourceVersionDate "2017.12.12"]
[SourceQuality "1"]

1. c4 Nf6 2. Nc3 g6 3. e4 Bg7 4. d4 d6 5. f3 Nbd7 6. Be3 0-0 7. Qd2 e5 8. Nge2 c6 9. 0-0-0 Qe7 10. d5 c5 11. g4 Nb6 12. Ng3 Ne8 13. Bd3 f6 14. h4 Rf7 15. Rdg1 Nc7 16. g5 f5 17. exf5 Bxf5 18. Nxf5 gxf5 19. h5 Kf8 20. g6 hxg6 21. hxg6 Rf6 22. Bg5 Ke8 23. Rh7 Qf8 24. Bxf6 Qxf6 25. Qg5 Qxg5+ 26. Rxg5 Bf6 27. Rxf5 Nd7 28. Ne4 1-0

[Event "Chigorin Memorial 25th"]
[Site "St Petersburg"]
[Date "2017.10.22"]
[Round "2"]
[White "Tsarkov, Mikhail"]
[Black "Divya, Deshmukh"]
[Result "0-1"]
[WhiteElo "1701"]
[BlackElo "2051"]
[PlyCount "80"]
[EventDate "2017.10.21"]
[EventType "swiss"]
[EventRounds "9"]
[EventCountry "RUS"]
[SourceTitle "CBM 181 Extra"]
[Source "ChessBase"]
[SourceDate "2017.12.12"]
[SourceVersion "1"]
[SourceVersionDate "2017.12.12"]
[SourceQuality "1"]

1. d4 Nf6 2. Bf4 g6 3. Nf3 Bg7 4. e3 0-0 5. Be2 d6 6. h3 b6 7. c4 Bb7 8. Nc3 Nbd7 9. 0-0 Re8 10. Rc1 e5 11. Bh2 Qe7 12. dxe5 Nxe5 13. Nxe5 dxe5 14. Qb3 Ne4 15. Nxe4 Bxe4 16. c5 h5 17. f3 Bf5 18. Bb5 Red8 19. cxb6 cxb6 20. Bc4 Rd2 21. Rfd1 Rad8 22. Rxd2 Rxd2 23. Qc3 Rd8 24. e4 Bc8 25. Bd5 Qg5 26. Qc7 Bxh3 27. Qxf7+ Kh7 28. Rc2 Rf8 29. f4 Qg4 30. Qc7 Qd1+ 31. Kf2 Qd4+ 32. Kf1 Rc8 33. Qxc8 Bxc8 34. Rxc8 h4 35. Rc7 exf4 36. Bxf4 g5 37. Bxg5 Kg6 38. Bf4 Qd1+ 39. Kf2 Bd4+ 40. Be3 Qd2+ 0-1

[Event "Chigorin Memorial 24th"]
[Site "St Petersburg"]
[Date "2016.10.23"]
[Round "9"]
[White "Tsarkov, Mikhail"]
[Black "Maltsevskaya, Anna"]
[Result "0-1"]
[WhiteElo "1636"]
[BlackElo "1243"]
[PlyCount "32"]
[EventDate "2016.10.15"]
[EventType "swiss"]
[EventRounds "9"]
[EventCountry "RUS"]
[SourceTitle "CBM 175 Extra"]
[Source "ChessBase"]
[SourceDate "2016.12.12"]
[SourceVersion "1"]
[SourceVersionDate "2016.12.12"]
[SourceQuality "1"]

1. e4 e5 2. Nf3 Nc6 3. Bb5 a6 4. Ba4 Nf6 5. 0-0 Bc5 6. d3 b5 7. Bb3 d6 8. c3 Bg4 9. h3 Bh5 10. Re1 h6 11. Nbd2 Qd7 12. Nf1 g5 13. g4 Nxg4 14. Be3 Nxe3 15. fxe3 Qxh3 16. N1h2 g4 0-1

[Event "Chigorin Memorial 24th"]
[Site "St Petersburg"]
[Date "2016.10.16"]
[Round "2"]
[White "Tsarkov, Mikhail"]
[Black "Ungurs, Kazimirs"]
[Result "0-1"]
[WhiteElo "1636"]
[BlackElo "2024"]
[PlyCount "70"]
[EventDate "2016.10.15"]
[EventType "swiss"]
[EventRounds "9"]
[EventCountry "RUS"]
[SourceTitle "CBM 175 Extra"]
[Source "ChessBase"]
[SourceDate "2016.12.12"]
[SourceVersion "1"]
[SourceVersionDate "2016.12.12"]
[SourceQuality "1"]

1. e4 d6 2. d4 Nf6 3. Nc3 e5 4. dxe5 dxe5 5. Qxd8+ Kxd8 6. Bg5 c6 7. 0-0-0+ Ke8 8. Bc4 Be6 9. Bxe6 fxe6 10. Nf3 Nbd7 11. a3 a5 12. Rhe1 Be7 13. Na4 b5 14. Bxf6 gxf6 15. Nc3 Nc5 16. Kb1 Kf7 17. Na2 Rhd8 18. Rc1 Rab8 19. b3 Na6 20. Kb2 b4 21. a4 Nc5 22. Rcd1 Rxd1 23. Rxd1 Nxe4 24. Nc1 Ke8 25. Nd3 Nc3 26. Re1 e4 27. Nd4 exd3 28. cxd3 Kd7 29. Nxe6 Bd6 30. Nd4 Be5 31. Nf5 Ne2+ 32. Kb1 Nd4 33. f4 Nxf5 34. fxe5 Re8 35. g4 Nd4 0-1